000 00750nam a2200253Ia 4500
003 OSt
005 20221005130500.0
006 a|||||r|||| 00| 0
007 ta
008 221004b |||||||| |||| 00| 0 eng d
024 _a53678
037 _cTextual
040 _aCRL
_cCRL
_beng
041 _2eng
_aeng
082 _aT4:3:Et2:N60, K3-;1
110 _aUniversity Grants Commission
_991664
111 _aReview Committee on Chemistry in Indian Universities
_9638208
245 0 _aReview Committee on Chemistry in Indian Universities
_b Report
260 _c1963
650 _aHIGHER EDUCATION
700 _aUniversity Grants Commission
_991665
942 _hT4:3:Et2:N60, K3-;1
_cTEXL
_2cc
999 _c1057393
_d1057393